Anuario Estadístico 1988
שמור ב:
| מחבר תאגידי: | |
|---|---|
| פורמט: | ספר |
| שפה: | ספרדית |
| יצא לאור: |
Santiago
Secretaría General del Consejo de Rectores
1988
|
| נושאים: | |
| תגים: |
הוספת תג
אין תגיות, היה/י הראשונ/ה לתייג את הרשומה!
|
MARC
| LEADER | 00000cam a2200000 a 4500 | ||
|---|---|---|---|
| 001 | UCH4936 | ||
| 003 | CL-VaPUC | ||
| 008 | 090910e19880000CL |||||||||||||||||spa|d | ||
| 082 | 0 | 4 | |a 378.83 |b CON |2 21 |
| 110 | 2 | |a Consejo de Rectores Universidades Chilenas |e author |9 541002 | |
| 245 | 1 | 0 | |a Anuario Estadístico 1988 |
| 300 | |a 249 p | ||
| 942 | |c BK | ||
| 945 | |d 20090910 00:00:00 |a dcastane | ||
| 260 | |a Santiago |b Secretaría General del Consejo de Rectores |c 1988 | ||
| 650 | 0 | |a Anuarios |9 258977 | |
| 650 | 0 | |a Educación superior |9 223851 | |
| 650 | 0 | |a Universidades |9 256317 | |
| 650 | 0 | |a Estadísticas educacionales |9 331921 | |
| 650 | 0 | |a Datos estadísticos |9 329380 | |
| 583 | |a last modification |c 20160404 11:21:22 |k Rodrigo Vera | ||
| 999 | |c 336167 |d 336165 | ||
| 952 | |0 0 |1 0 |3 erb |4 0 |6 378_830000000000000_CON_1988 |7 0 |8 ED_SUP |9 427144 |a BIBGIM |b BIBGIM |c S_PSTGRDO |i 4598806 |o 378.83 CON 1988 |p 4598806 |r 2025-01-15 |w 2019-11-22 |y BK |z Catalogado en:20160303 |k ESU | ||